Statistics for Every Belinda Carlisle song that hit the Billboard hot 100

Click here to take the quiz!

General Stats

  • This quiz has been taken 28 times
  • The average score is 5 of 9

Answer Stats

Peak Chart PositionYearSong% Correct
11987Heaven Is A Place On Earth
91%
71988Circle In The Sand
73%
111989Leave A Light On
68%
21988I Get Weak
64%
31986Mad About You
55%
301990Summer Rain
55%
731991Do You Feel Like I Feel?
27%
821986I Feel The Magic
23%
881988I Feel Free
23%

Score Distribution

Percentile by Number Answered

Percent of People with Each Score

Your Score History

You have not taken this quiz